Southville International School and Colleges
Your cart is empty.
  • Cart
  • Lists
    Public lists Eva Luna New books Lux_list list_1
    Your lists Log in to create your own lists
  • Log in to your account
  • Your cookies
  • Search history
Southville International School and Colleges
  • Advanced search
  • Recent comments
  • Most popular
  • Libraries

Log in to your account

Log in with GOOGLE


If you do not have an external account, but do have a local account, you can still log in:

  1. Home
  2. MARC view: Tree directory /
Normal view MARC view ISBD view

Tree directory / (Record no. 113520)

[ view plain ]
MARC details
000 -LEADER
fixed length control field 00509nam a2200193 a 4500
001 - CONTROL NUMBER
control field 0674
005 - DATE AND TIME OF LATEST TRANSACTION
control field 20140414132024.0
008 - FIXED-LENGTH DATA ELEMENTS--GENERAL INFORMATION
fixed length control field 040915s19uu xx 00 eng d
020 ## - INTERNATIONAL STANDARD BOOK NUMBER
International Standard Book Number 0-7336-0830-2
050 ## - LIBRARY OF CONGRESS CALL NUMBER
Classification number TR
Item number T71 1998
100 ## - MAIN ENTRY--PERSONAL NAME
Personal name Kingston, Julie
245 ## - TITLE STATEMENT
Title Tree directory /
Statement of responsibility, etc Julie Kingston.
260 ## - PUBLICATION, DISTRIBUTION, ETC. (IMPRINT)
Place of publication, distribution, etc Australia :
Name of publisher, distributor, etc A Hodder's Childrens Book,
Date of publication, distribution, etc 1998.
300 ## - PHYSICAL DESCRIPTION
Extent 1 v. (unp.) : ill. ; cm.
650 ## - SUBJECT ADDED ENTRY--TOPICAL TERM
Topical term or geographic name as entry element Beetle
General subdivision Fiction.
650 ## - SUBJECT ADDED ENTRY--TOPICAL TERM
Topical term or geographic name as entry element Maps
General subdivision Fiction.
Holdings
Withdrawn status Lost status Damaged status Use restrictions Home library Current library Shelving location Date acquired Source of acquisition Total Checkouts Full call number Barcode Date last seen Price effective from Koha item type
        Munich Library Munich Library Teachers Reference Section 09/15/2004     TR T71 1998 M5100 04/14/2014 04/14/2014 Books
        Munich Library Munich Library Teachers Reference Section 09/15/2004     TR T71 1998 M5433 04/14/2014 04/14/2014 Books

Tree directory /

APA

Kingston J., . (1998). Tree directory. Australia: A Hodder's Childrens Book.

Chicago

Kingston Julie, . 1998. Tree directory. Australia: A Hodder's Childrens Book.

Harvard

Kingston J., . (1998). Tree directory. Australia: A Hodder's Childrens Book.

MLA

Kingston Julie, . Tree directory. Australia: A Hodder's Childrens Book. 1998.

  • Place hold
  • Print
  • Cite
  • Add to your cart (remove)
  • Save record
    BIBTEX Dublin Core MARCXML MARC (non-Unicode/MARC-8) MARC (Unicode/UTF-8) MARC (Unicode/UTF-8, Standard) MODS (XML) RIS
  • More searches
    Search for this title in:
    Other Libraries (WorldCat) Other Databases (Google Scholar) Online Stores (Bookfinder.com) Open Library (openlibrary.org)

Exporting to Dublin Core...

SOUTHVILLE LIBRARY

Southville International School and Colleges Library

1281 Tropical Ave. Cor. Luxembourg St., BF Homes International, Las Pinas City

Tel. No. 8256374 / 252358 Loc. 117/146

Powered by Koha